Warszawa: wszystkie POPy - Statystyki

Ogólne statystyki
  • Ten quiz został rozwiązany 23 razy
  • Średni wynik to 8 z 17
Statystyki odpowiedzi
typ Punkt Obsługi Pasażera % Poprawnych
metro Metro Centrum
95%
metro Metro Dworzec Wileński
71%
metro Metro Bemowo
67%
metro Metro Młociny
67%
metro Metro Politechnika
67%
dworzec Dworzec Centralny
62%
metro Metro Dworzec Gdański
57%
metro Metro Ratusz Arsenał
57%
metro Metro Imielin
48%
metro Metro Służew
48%
metro Metro Księcia Janusza
43%
centrum handlowe CH Blue City
33%
metro Metro Kondratowicza
33%
siedziba ZTM Grochowska 316/320
19%
online e-POP
10%
punkt kodowania biletów Legionowo (dworzec kolejowy)
5%
punkt kodowania biletów Ożarów Mazowiecki (Poznańska 165)
5%
Nie znaleziono quizów pasujących do podanych kryteriów
Rozkład punktacji
Procent ludzi z każdym wynikiem
Percentyl według liczby udzielonych odpowiedzi
Twoja historia wyników
Nie rozwiązałeś tego quizu